Rezervy v životnom poistení habilitačná práca

Na minha lista:
Detalhes bibliográficos
Autor principal: Bilíková, Mária, 1951-
Autor Corporativo: Fakulta hospodárskej informatiky EU. Katedra matematiky
Formato: Livro
Idioma:eslovaco
Publicado em: Bratislava 2004
Assuntos:
Tags: Adicionar Tag
Sem tags, seja o primeiro a adicionar uma tag!

MARC

LEADER 00000nam$a2200000$$$4500
001 0036631
005 20240502071451.9
041 0 |a slo 
044 |a SK 
245 1 0 |a Rezervy v životnom poistení  |b habilitačná práca  |c Mária Bilíková 
264 1 |a Bratislava  |c 2004 
300 |a 106 s. 
610 2 0 |a rezervy 
610 2 0 |a poistenie životné 
610 2 0 |a poistné 
610 2 0 |a rezervy poistné 
610 2 0 |a modely 
610 2 0 |a kalkulácia nákladov 
610 2 0 |a legislatíva 
610 2 0 |a rezervy technické 
610 2 0 |a oceňovanie 
610 2 0 |a aktuári 
100 1 |a Bilíková, Mária, 1951- 
710 2 |a Fakulta hospodárskej informatiky EU. Katedra matematiky